00562cam a22001935a 450000500170000000800410001701000140005802000260007203500130009803700130011104000130012408200110013710000190014824500400016726000510020727000580025830000260031652000260034220091103014612.0090911s2009 ii ab b 100 0 eng d aENG-95328 a9788131305744c695.00 aEN-78861 aDBAD/PUB aDPLbeng a633.84 aMahindru, S.N. aIndian chillies /cby S.N. Mahindru aNew Delhi :bAPH Publishing Corporationc2009. a4435-36/7. Ansari road, Darya GanjbNew Delhie110002 av, 223p.c22 cm. (Hb) aContributed articles.